| 000 | 00767nam a22001697a 4500 | ||
|---|---|---|---|
| 005 | 20260124093854.0 | ||
| 008 | 230713b ||||| |||| 00| 0 eng d | ||
| 040 |
_cSSBUL _dSSBUL |
||
| 082 |
_223 _a၉၀၉ ကြည် ၁၆၀၃၂ (S-SAT) |
||
| 100 |
_aကြည်၊ _cဦး။ _927925 |
||
| 245 |
_aအထက်တန်းအခြေပြကမ္ဘာ့သမိုင်း ပဌမပိုင်း / _cဦးကြည်။ |
||
| 260 |
_aရန်ကုန်၊ _bဆ၊ စ၊ တ၊ က ကောပိုရေးရှင်း။ |
||
| 300 |
_a၃၉၁ စာမျက်နှာ၊ _c၁၈ စင်တီ။ |
||
| 500 | _aS-SAT: Dr. Prof Sai Aung Tun | ||
| 650 |
_aကမ္ဘာ့သမိုင်း။ _912073 |
||
| 942 |
_2ddc _cBK1 |
||
| 999 |
_c27163 _d27163 |
||